Zmiernenie dopadov hospodárskej krízy prostredníctvom daňovej politiky
Prezentácia hlavných zmien obsiahnutých v novele daňového zákona v priebehu roka 2009. Novela daňového zákona bola prijatá ako reakcia na celosvetovú hospodársku krízu, pričom jej hlavným cieľom bola eliminácia dopadu krízy na fyzické osoby ako aj podnikateľov. Nosnými prvkami článku sú daňové výdav...
Gespeichert in:
| 1. Verfasser: | |
|---|---|
| Format: | Buchkapitel |
| Sprache: | Slowakisch |
| Schlagworte: | |
| Tags: |
Keine Tags, Fügen Sie das erste Tag hinzu!
|
MARC
| LEADER | 00000nla$a2200000$$$4500 | ||
|---|---|---|---|
| 001 | 0110350 | ||
| 005 | 20240502072221.5 | ||
| 041 | 0 | |a slo | |
| 044 | |a SK | ||
| 245 | 1 | 0 | |a Zmiernenie dopadov hospodárskej krízy prostredníctvom daňovej politiky |c Jana Kušnírová |
| 520 | |a Prezentácia hlavných zmien obsiahnutých v novele daňového zákona v priebehu roka 2009. Novela daňového zákona bola prijatá ako reakcia na celosvetovú hospodársku krízu, pričom jej hlavným cieľom bola eliminácia dopadu krízy na fyzické osoby ako aj podnikateľov. Nosnými prvkami článku sú daňové výdavky, nezdaniteľné časti základu dane, zamestnanecká prémia a ostatné zmeny v zákone orientované na podnikateľskú sféru. | ||
| 610 | 2 | 0 | |a dane |
| 610 | 2 | 0 | |a zákony |
| 610 | 2 | 0 | |a novelizácia |
| 610 | 2 | 0 | |a dane z príjmov |
| 610 | 2 | 0 | |a výdavky daňové |
| 610 | 2 | 0 | |a kríza hospodárska |
| 100 | 1 | |a Kušnírová, Jana, 1977- | |